الباليه / (رقم التسجيلة. 52183)

تفاصيل مارك
000 -LEADER
fixed length control field 00619nam a22002177a 4500
005 - DATE AND TIME OF LATEST TRANSACTION
control field 20251108170924.0
008 - FIXED-LENGTH DATA ELEMENTS--GENERAL INFORMATION
fixed length control field 250721s1985 xx 000 0 ara d
082 14 - DEWEY DECIMAL CLASSIFICATION NUMBER
Classification number ط/ 792.8/ستر
100 1# - MAIN ENTRY--PERSONAL NAME
Personal name سترتفيلد، نويل
245 10 - TITLE STATEMENT
Title الباليه /
250 ## - EDITION STATEMENT
Edition statement ط.2
264 1# - PRODUCTION, PUBLICATION, DISTRIBUTION, MANUFACTURE, AND COPYRIGHT NOTICE
Place of production, publication, distribution, manufacture القاهرة :
Name of producer, publisher, distributor, manufacturer دار المعارف،
Date of production, publication, distribution, manufacture, or copyright notice 1985.
300 ## - PHYSICAL DESCRIPTION
Extent 72ص.
490 0# - SERIES STATEMENT
Series statement كتابك الأول عن
Volume/sequential designation 11
650 17 - SUBJECT ADDED ENTRY--TOPICAL TERM
Topical term or geographic name as entry element فن الرقص
653 ## - INDEX TERM--UNCONTROLLED
Uncontrolled term ناشئون كبار (15-18 سنة)
653 ## - INDEX TERM--UNCONTROLLED
Uncontrolled term البالية
700 1# - ADDED ENTRY--PERSONAL NAME
Personal name العفراوي، نفيسة
Relator term Tran.
942 ## - ADDED ENTRY ELEMENTS (KOHA)
Source of classification or shelving scheme Dewey Decimal Classification
Koha item type كتب
المقتنيات
حالة السحب حالة الفقدان مصدر التصنيف حالة التلف غير قابل للإعارة المكتبة الرئيسية المكتبة الحالية موقع الرف تاريخ التزويد الرقم المتسلسل Total Checkouts رقم الإستدعاء تاريخ آخر ظهور تاريخ الفاتورة نوع المادة (كوها) الباركود
    Dewey Decimal Classification Unchecked   مكتبة البشائر للأطفال مكتبة البشائر للأطفال الإعارة 28/07/2025 361784   ط/ 792.8/ستر 28/07/2025 28/07/2025 كتب  
    Dewey Decimal Classification     مكتبة أم المؤمنين للأطفال مكتبة أم المؤمنين للأطفال الأطفال 28/07/2025 419612   ط/ 792.8/ستر 28/07/2025 28/07/2025 كتب 419612
    Dewey Decimal Classification Unchecked   مكتبة أم قصير والمقابلين العامة مكتبة أم قصير والمقابلين العامة الأطفال 06/07/2004 361802   ط/ 792.8/ستر 28/07/2025 06/07/2004 كتب  
    Dewey Decimal Classification Unchecked   مكتبة الاميرة بديعة مكتبة الاميرة بديعة الأطفال 06/07/2004 361795   ط/ 792.8/ستر 28/07/2025 06/07/2004 كتب  
    Dewey Decimal Classification Unchecked   مكتبة النصر العامة مكتبة النصر العامة الأطفال 06/07/2004 361799   ط/ 792.8/ستر 28/07/2025 06/07/2004 كتب  
    Dewey Decimal Classification Unchecked   مكتبة حمزة العامة مكتبة حمزة العامة الأطفال 06/07/2004 360896   ط/ 792.8/ستر 28/07/2025 06/07/2004 كتب  
    Dewey Decimal Classification     مكتبة صويلح العامة مكتبة صويلح العامة الأطفال 06/07/2004 361800   ط/ 792.8/ستر 28/07/2025 06/07/2004 كتب 361800
    Dewey Decimal Classification     مكتبة وادي السير العامة مكتبة وادي السير العامة الأطفال 06/07/2004 361792   ط/ 792.8/ستر 28/07/2025 06/07/2004 كتب 361792
Implemented & Customized by: BBB with SCIT (Smart Chains for Information Technology)

Powered by Koha